| 000 | 01373nam a2200349 c 4500 | ||
|---|---|---|---|
| 999 |
_c390118 _d390118 |
||
| 003 | BLK | ||
| 005 | 20230908104612.0 | ||
| 008 | 180410b bul|||||r ||||||| ||bul|| | ||
| 010 | _aKNG00161064000 | ||
| 020 | _a9786190300120 | ||
| 040 | _aBLK | ||
| 041 |
_aBUL _cBUL |
||
| 072 | 7 |
_2bullib _aН83 _xЧужда художествена литература Н |
|
| 080 |
_aАмериканска литература (на САЩ) _b821.111(73) _x-312.9 _z821.111(73)-312.9 |
||
| 100 | 1 |
_aРигс, Рансъм _eпърви автор _9332447 |
|
| 139 |
_aРигс, Рансъм _bР 58 |
||
| 245 | 1 | 0 |
_aСъборът на птиците : Кн. 5 за чудатите деца на Мис Перигрин за чудати деца _bРоман _cРансъм Ригс; прев. от англ. Юлиан Стойнов. |
| 257 | _aUSA | ||
| 260 |
_aСофия _bБард _c2020 |
||
| 300 |
_a303 с. _c22 см |
||
| 380 | _aX | ||
| 500 | _aОриг. загл. The Conference of the Birds / Ransom Riggs. - Кн. 5 за чудатите деца на мис Перигрин. | ||
| 700 |
_aСтойнов, Юлиан Иванов _eпрев. от англ. _9258182 |
||
| 856 | 4 | _qpdf | |
| 856 | 4 | _qpdf | |
| 942 |
_cKNG _n0 _s1 _04 |
||
| 944 |
_aED _c2020-10-16 _k30576 _lЦветомила Тодорова |
||
| 999 | _d390118 | ||
| 999 | _d390118 | ||
| 999 | _d345360 | ||
| 999 | _d345360 | ||